Teatro contemporáneo colombiano : (Registro nro. 2600)
[ vista simple ]
| 000 -CABECERA | |
|---|---|
| campo de control de longitud fija | 00773cam a2200205 a 4500 |
| 001 - NÚMERO DE CONTROL | |
| campo de control | 000002766 |
| 005 - FECHA Y HORA DE LA ÚLTIMA TRANSACCIÓN | |
| campo de control | 20200929150244.0 |
| 008 - DATOS DE LONGITUD FIJA--INFORMACIÓN GENERAL | |
| campo de control de longitud fija | 920922s1991 ck a 000 0 spa |
| 010 ## - NÚMERO DE CONTROL DE LA BIBLIOTECA DEL CONGRESO | |
| Número de control de LC | 92218666 |
| 040 ## - FUENTE DE LA CATALOGACIÓN | |
| Centro catalogador/agencia de origen | DO-SdBNP |
| Centro/agencia transcriptor | DLC |
| 082 ## - NÚMERO DE LA CLASIFICACIÓN DECIMAL DEWEY | |
| Número de clasificación | Co862.6 |
| Número de documento/Ítem | T253t |
| 110 2# - ENTRADA PRINCIPAL--NOMBRE DE ENTIDAD CORPORATIVA | |
| Nombre de entidad corporativa o nombre de jurisdicción como elemento de entrada | Teatro TECAL (Bogotá Colombia) |
| 9 (RLIN) | 8716 |
| 245 10 - MENCIÓN DE TÍTULO | |
| Título | Teatro contemporáneo colombiano : |
| Resto del título | tres obras / |
| Mención de responsabilidad, etc. | creacion, Teatro TECAL ; dramaturgia, Crispulo Torres B. |
| 260 ## - PUBLICACIÓN, DISTRIBUCIÓN, ETC. | |
| Lugar de publicación, distribución, etc. | Santafé de Bogotá : |
| Nombre del editor, distribuidor, etc. | Ediciones Saltar la Piedra, |
| Fecha de publicación, distribución, etc. | 1991. |
| 300 ## - DESCRIPCIÓN FÍSICA | |
| Extensión | 80 p. : |
| Otras características físicas | il. ; |
| Dimensiones | 20 cm. |
| 505 0# - NOTA DE CONTENIDO CON FORMATO | |
| Nota de contenido con formato | Preludio para andantes, o, Fuga eterna -- Domitilo el rey de la rumba -- Los gaticos. |
| 650 #0 - PUNTO DE ACCESO ADICIONAL DE MATERIA--TÉRMINO DE MATERIA | |
| Término de materia o nombre geográfico como elemento de entrada | Drama colombiano |
| Subdivisión cronológica | SIGLO 20. |
| 9 (RLIN) | 8717 |
| 700 1# - PUNTO DE ACCESO ADICIONAL--NOMBRE DE PERSONA | |
| Nombre de persona | Torres B., Crispulo. |
| 9 (RLIN) | 8718 |
| 910 ## - DATOS DE OPCIÓN DEL USUARIO (OCLC) | |
| Datos de opción del usuario | Catalogación por copia / LC |
| Estado de retiro | Estado de pérdida | Restricciones de uso | No para préstamo | Código de colección | Localización permanente | Ubicación/localización actual | Ubicación en estantería | Fecha de adquisición | Número de inventario | Total de préstamos | Signatura topográfica completa | Código de barras | Fecha visto por última vez | Precio válido a partir de | Tipo de ítem Koha |
|---|---|---|---|---|---|---|---|---|---|---|---|---|---|---|---|
| Préstamo interno | Monografías: Libros y Folletos | General | General | En catalogación | 03.07.2009 | LF1 | Co862.6 T253t | 2766-10 | 25.06.2020 | 25.06.2020 | Préstamo interno |
